00357nam a2200121Ia 4500008004100000040001600041041001200057082001300069100002100082245006700103260004800170300001700218230917s9999||||xx |||||||||||||| ||und|| e51763aMAIN aEnglish aB E68D:A aEinstein, Albert 0aAlbert Einstein: The human side:New glimpses from his archives aPrincetonbPrinceton University Pressc1979 aviii, 167 p.